Common Names for Not-So-Common Fears Quiz Stats

 Plays Quiz not verified by Sporcle

Challenge
Share
Tweet
Embed
Score 0/15 Timer 05:00
0 Plays Today
Scientific name Common name % Correct
TridecaphobiaFear of the number 13
84.6%
PanphobiaFear of everything
73.1%
OdontophobiaFear of teeth
61.5%
OptophobiaFear of opening eyes
50%
Blennophobia, MyxophobiaFear of slime
34.6%
BarophobiaFear of gravity
23.1%
KeraunothnetophobiaFear of satelites falling to earth
23.1%
PogonophobiaFear of beards
19.2%
Scientific name Common name % Correct
ChaetophobiaFear of hair
19.2%
EisoptrophobiaFear of mirrors
19.2%
GeniophobiaFear of chins
15.4%
ClinophobiaFear of going to bed
15.4%
ChrometophobiaFear of money
15.4%
LinonophobiaFear of string
15.4%
NonophobiaFear of not having phone reception
11.5%

You're not logged in!

Compare scores with friends on all Sporcle quizzes.
Join for Free
OR
Log In

You Might Also Like...

Show Comments

Extras

Created Jan 21, 2011ReportNominate
Tags:common, fear

Top Quizzes Today


Score Distribution

Your Account Isn't Verified!

In order to create a playlist on Sporcle, you need to verify the email address you used during registration. Go to your Sporcle Settings to finish the process.

Report this User

Report this user for behavior that violates our Community Guidelines.

Details: